000 00470 a2200169 4500
001 157183
020 _a8590149528
040 _cEscola São Tomás de Aquino
100 _aMARITAIN, Raïssa
240 1 0 _aO anjo da escola ou Santo Tomás de Aquino contado às crianças
_lpor
245 1 0 _aO anjo da escola ou Santo Tomás de Aquino contado às crianças
300 _a157 p.
362 0 _a200
440 1 _aCXB
697 _aBIOGRAFIA E GENEALOGIA
942 _cBK
999 _c157183
_d157183